Sabrina Carpenter - Paroles Espresso - Statistiques

Statistiques générales
  • Ce quiz a été pris 578 fois
  • Le résultat moyen est 285 sur 396
Statistiques - réponses
Hint Réponse % Correct
I
98%
Mm,
98%
me
96%
me,
96%
a
95%
espresso
95%
so
93%
he
91%
that
90%
That
90%
you
88%
oh
87%
Oh,
87%
Is
86%
My
86%
my
86%
guess
84%
'bout
83%
can't
83%
it
83%
thinkin'
83%
Thinkin'
83%
every
81%
know
81%
sweet?
81%
night,
80%
baby,
79%
baby
79%
Refrain Now
79%
now
79%
to
79%
do
77%
Couplet 2 I'm
76%
on
76%
he's
75%
And
74%
and
74%
'cause
74%
singer
74%
sleep,
74%
this
74%
relate
73%
That's
73%
that's
73%
late
72%
boy
71%
for
71%
working
71%
desperation
70%
got
70%
like
70%
vacation
70%
"give
69%
are
67%
finger
66%
Nintendo
66%
stop
66%
calling
65%
Say
65%
up,
65%
up
65%
cute
64%
Switch
63%
ex
62%
won't
62%
down,
61%
looks
61%
one
61%
One
61%
right,
61%
your
61%
left,
60%
Pré-refrain Too
59%
ya
58%
fucks"
57%
him
56%
When
56%
bad
55%
way,
55%
don't
54%
get
52%
humor
52%
twisted
52%
Move
51%
act
49%
come
49%
often
49%
pollen
49%
wrapped
49%
honeybee,
48%
make
48%
in
46%
coffee,
44%
laugh
42%
they
42%
'round
41%
skin
40%
'em
39%
Soft
39%
perfumed
36%
Mountain
34%
touch
32%
Dew
31%
dream
31%
morning
31%
came
30%
brand
29%
brewed
27%
Walked
27%
(Yes)
27%
newed
23%
trued
23%
shit
20%
Post-refrain Holy
18%
(Stupid)
10%
Aucun quiz correspondant
Distribution des résultats
% des personnes avec chaque résultat
Percentile par nombre de réponses
Votre historique - résultats
Vous n’avez pas pris ce quiz